Poesías completas versos comentados

Guardat en:
Dades bibliogràfiques
Autor principal: San Juan de la Cruz (Autor)
Format: Llibre
Idioma:espanyol
Publicat: Santiago Cruz del Sur 1947
Col·lecció:Divinas Palabras
Matèries:
Etiquetes: Afegir etiqueta
Sense etiquetes, Sigues el primer a etiquetar aquest registre!

MARC

LEADER 00000nam a2200000 a 4500
001 UCQ1334
003 CL-VaPUC
008 980709e19470000CL |||||||||||||||||spa|d
082 0 4 |a 861  |b JUA  |2 21 
100 0 |a San Juan de la Cruz  |e author  |9 317648 
245 1 0 |a Poesías completas versos comentados 
246 1 0 |a Avisos y sentencias 
246 1 0 |a Cartas 
300 |a 126 p 
942 |c BK 
945 |d 19980709 00:00:00  |a lriquelm 
260 |a Santiago  |b Cruz del Sur  |c 1947 
650 0 |a Poesías españolas  |9 265100 
650 0 |a Literatura española  |9 306261 
583 |a last modification  |c 19980709 00:00:00  |k Rodrigo Vera 
490 0 |a Divinas Palabras 
999 |c 272334  |d 272332 
952 |0 0  |1 0  |4 0  |6 861_000000000000000_JUA_1947  |7 0  |8 A  |9 307234  |a BIBEDU  |b BIBEDU  |d 2019-11-20  |i 1434500  |l 1  |o 861 JUA 1947  |p 1434500  |r 2024-06-17  |s 2024-06-10  |w 2019-11-20  |y BK  |k LIT